header

Helping victims of violent crime (Record no. 9960)

MARC details
000 -LEADER
fixed length control field 01439nam a2200349Ia 4500
001 - CONTROL NUMBER
control field ebr10265445
003 - CONTROL NUMBER IDENTIFIER
control field CaPaEBR
006 - FIXED-LENGTH DATA ELEMENTS--ADDITIONAL MATERIAL CHARACTERISTICS--GENERAL INFORMATION
fixed length control field m u
007 - PHYSICAL DESCRIPTION FIXED FIELD--GENERAL INFORMATION
fixed length control field cr cn|||||||||
008 - FIXED-LENGTH DATA ELEMENTS--GENERAL INFORMATION
fixed length control field 080325s2008 nyua sb 001 0 eng d
010 ## - LIBRARY OF CONGRESS CONTROL NUMBER
Canceled/invalid LC control number 2008013398
020 ## - INTERNATIONAL STANDARD BOOK NUMBER
Cancelled/invalid ISBN 9780826125088
Cancelled/invalid ISBN 0826125085
040 ## - CATALOGING SOURCE
Original cataloging agency CaPaEBR
Transcribing agency CaPaEBR
035 ## - SYSTEM CONTROL NUMBER
System control number (OCoLC)313791277
050 14 - LIBRARY OF CONGRESS CALL NUMBER
Classification number RC569.5.V55
Item number G74 2008eb
100 1# - MAIN ENTRY--PERSONAL NAME
Personal name Green, Diane L.
245 10 - TITLE STATEMENT
Title Helping victims of violent crime
Medium [electronic resource] :
Remainder of title assessment, treatment, and evidence-based practice /
Statement of responsibility, etc Diane L. Green, Albert R. Roberts.
260 ## - PUBLICATION, DISTRIBUTION, ETC. (IMPRINT)
Place of publication, distribution, etc New York :
Name of publisher, distributor, etc Springer Pub. Co.,
Date of publication, distribution, etc c2008.
300 ## - PHYSICAL DESCRIPTION
Extent xxi, 256 p. :
Other physical details ill.
490 1# - SERIES STATEMENT
Series statement Springer series on social work
504 ## - BIBLIOGRAPHY, ETC. NOTE
Bibliography, etc Includes bibliographical references (p. 223-243) and index.
533 ## - REPRODUCTION NOTE
Type of reproduction Electronic reproduction.
Place of reproduction Palo Alto, Calif. :
Agency responsible for reproduction ebrary,
Date of reproduction 2009.
Note about reproduction Available via World Wide Web.
-- Access may be limited to ebrary affiliated libraries.
650 #0 - SUBJECT ADDED ENTRY--TOPICAL TERM
Topical term or geographic name as entry element Victims of violent crimes
General subdivision Mental health.
Topical term or geographic name as entry element Crisis intervention (Mental health services)
Topical term or geographic name as entry element Evidence-based psychiatry.
655 #7 - INDEX TERM--GENRE/FORM
Genre/form data or focus term Electronic books.
Source of term local
700 1# - ADDED ENTRY--PERSONAL NAME
Personal name Roberts, Albert R.
710 2# - ADDED ENTRY--CORPORATE NAME
Corporate name or jurisdiction name as entry element ebrary, Inc.
830 #0 - SERIES ADDED ENTRY--UNIFORM TITLE
Uniform title Springer series on social work (Unnumbered)
856 40 - ELECTRONIC LOCATION AND ACCESS
Uniform Resource Identifier <a href="http://site.ebrary.com/lib/rucke/Doc?id=10265445">http://site.ebrary.com/lib/rucke/Doc?id=10265445</a>
Public note An electronic book accessible through the World Wide Web; click to view

No items available.

© 2026 Rongo University
Contact us: librarian | system librarian | Rongo university